000 00881nam a2200301Ia 4500
001 5320
003 IT-RoPAU
008 130308s9999 xx 000 0 und d
040 _aIT-RoPAU
040 _cIT-RoPAU
041 _aFRANCESE
100 _aVictoroff David
100 _gCodice Aut. SPICS: 46
245 _aCadres de l'opinion publique (Les)
245 _bEncyclopedie de la Sociologie-Le present En Question
250 _a1a ed.
260 _aPARIS
260 _bLarousse
260 _c1975 [1° Ed.:1975 - Ed.Ling.Originale:1975]
300 _a"25 p. (prefazione: no ; testo: 25 [pagine: 280-304])"
500 _aQuadri dell'opinione Pubblica sondaggi Miti religiosi e politici stereotipi Razziali e nazionali Rumori
650 _aSOCIOLOGIA
650 _eCodice materia Spics: 3651
942 _cBK
957 _71
999 _c42486
_d42486
999 _bSI
999 _g1